[Event "Open"]
[Site "Miami USA"]
[Date "2007.09.29"]
[Round "7"]
[White "Martinez,Marce"]
[Black "Akobian,V"]
[Result "1/2-1/2"]
[WhiteElo "2386"]
[BlackElo "2570"]

1.d4 Nf6 2.c4 e6 3.Nf3 b6 4.g3 Ba6 5.Qc2 c5 6.d5 exd5 7.cxd5 g6 8.Bg2 Bg7
9.O-O O-O 10.Nc3 d6 11.a4 Bb7 12.Rd1 Na6 13.Nd2 Nb4 14.Qb3 Ng4 15.Nc4 Ne5
16.Ne3 f5 17.f4 Nd7 18.Nc4 Nf6 19.Nb5 Ne8 20.Bd2 a6 21.Nba3 a5 22.Bc3 Ba6
23.e4 fxe4 24.Bxe4 Ra7 25.Bg2 Bf6 26.Ne3 Bc8 27.Nac4 Re7 28.Bf3 h5 29.Re1 Ng7
30.Bxf6 Rxf6 31.Nd2 Qe8 32.Qc3 Rff7 33.Ndc4 Qd8 34.Nd2 Qe8 35.Ndc4 Qd8 36.Nd2 Nf5
37.Nxf5 Bxf5 38.Ne4 Nxd5 39.Qb3 Nb4 40.Ng5 Kg7 41.Nxf7 Rxf7 42.Rad1 Nc2 43.Qc3+ Kh7
44.Bd5 Rf8 45.Re2 Nd4 46.Rxd4 cxd4 47.Qxd4 Re8 48.Rxe8 Qxe8 49.Kf2 Qc8 50.Qc4 Qc5+
51.Qxc5 bxc5 52.Ke3 Kg7 53.Kd2 Kf6 54.Kc3 Bh3 55.Bg8 Kg7 56.Bd5 Kf6 57.Bg8 Bf1
58.Bd5  1/2-1/2

[Event "North American Open"]
[Site "Las Vegas USA"]
[Date "2007.12.29"]
[Round "6"]
[White "Akobian,V"]
[Black "Shabalov,A"]
[Result "1/2-1/2"]
[WhiteElo "2585"]
[BlackElo "2626"]

1.d4 Nf6 2.c4 e6 3.Nf3 b6 4.g3 Bb7 5.Bg2 Be7 6.O-O O-O 7.Nc3 Ne4 8.Qc2 Nxc3
9.Qxc3 Be4 10.Ne5 Bxg2 11.Kxg2 c6 12.Bf4 d6 13.Nf3 Nd7 14.e4 Rc8 15.Rad1 d5
16.Rfe1 a5 17.Qd3 Nf6 18.cxd5 cxd5 19.e5 Nd7 20.Rc1 h6 21.Qb5 Rc7 22.h4 Qb8
23.Rxc7 Qxc7 24.Rc1 Qb7 25.Qc6 Rb8 26.Qxb7 Rxb7 27.Rc8+ Kh7 28.h5 Nb8 29.Bd2 Na6
30.a3 Nc7 31.Kf1 Nb5 32.Ke2 Na7 33.Ra8 Nc6 34.Rc8 Na7 35.Re8 Nc6 36.Rc8  1/2-1/2

[Event "North American Open"]
[Site "Las Vegas USA"]
[Date "2007.12.29"]
[Round "7"]
[White "Pruess,D"]
[Black "Akobian,V"]
[Result "1-0"]
[WhiteElo "2417"]
[BlackElo "2585"]

1.d4 Nf6 2.c4 e6 3.Nf3 c5 4.d5 exd5 5.cxd5 d6 6.Nc3 g6 7.Nd2 a6 8.a4 Nbd7
9.Nc4 Nb6 10.Na3 Qe7 11.g3 Bg7 12.Bg2 O-O 13.O-O Rb8 14.h3 Na8 15.Nc4 Rd8
16.e4 Nd7 17.f4 Ndb6 18.Ne3 Nc7 19.a5 Nd7 20.e5 b5 21.Ne4 Ne8 22.e6 fxe6
23.dxe6 Ndf6 24.f5 d5 25.Ng5 d4 26.Nf7 Bxe6 27.Nxd8 Rxd8 28.fxe6 dxe3 29.Qf3 Nc7
30.Bxe3 Nxe6 31.Rae1 Qd6 32.Kh2 Nd4 33.Qb7 Qd7 34.Bg5 Qxb7 35.Bxb7 Rd6 36.Bf4 Rd7
37.Bc8 Rd8 38.Bxa6 Ra8 39.Bb7 Rxa5 40.Be5 Ra7 41.Bg2 Ra6 42.Kh1 Nc2 43.Re2 Nb4
44.Rd2 h5 45.Bc3 Kh7 46.Rd8 Nc2 47.Ra8 Rd6 48.Ra7 Kh6 49.Rc7 Ne3 50.Be5 Re6
51.Bf4+ g5 52.Bxe3 Rxe3 53.Rxc5 b4 54.Rf3 Re1+ 55.Kh2 g4 56.Rf2 Re3 57.h4 Kg6
58.Rb5 b3 59.Rb6 Kf7 60.Rxb3 Re5 61.Rb7+ Kg6 62.Rb6 Kf7 63.b4 Ke7 64.Rb7+ Kf8
65.b5  1-0

[Event "6th Gibtelecom Masters"]
[Site "Gibraltar ENG"]
[Date "2008.01.24"]
[Round "3"]
[White "Akobian,V"]
[Black "Wippermann,T"]
[Result "1-0"]
[WhiteElo "2599"]
[BlackElo "2435"]

1.d4 Nf6 2.c4 e6 3.g3 d5 4.Bg2 dxc4 5.Nf3 Nc6 6.O-O Rb8 7.e3 Be7 8.Qe2 b5
9.Rd1 Bb7 10.e4 O-O 11.Nc3 Nb4 12.Ne5 a6 13.a3 Nc6 14.Nxc6 Bxc6 15.d5 exd5
16.e5 Ne8 17.Bxd5 Bxd5 18.Nxd5 c6 19.Nf6+ Bxf6 20.Rxd8 Bxd8 21.e6 Be7 22.Bf4 Rd8
23.Qe4 Rd5 24.exf7+ Rxf7 25.Qe6 Nd6 26.Qd7 Rd3 27.Qxc6 Nf5 28.Qxa6 Nd4 29.Kg2 Bf6
30.Re1 Rf8 31.a4 Rb3 32.Qb7 bxa4 33.Qd5+ Kh8 34.Qf7  1-0

[Event "6th Gibtelecom Masters"]
[Site "Gibraltar ENG"]
[Date "2008.01.29"]
[Round "8"]
[White "Cmilyte,V"]
[Black "Akobian,V"]
[Result "1-0"]
[WhiteElo "2475"]
[BlackElo "2599"]

1.d4 Nf6 2.c4 g6 3.g3 Bg7 4.Bg2 O-O 5.Nc3 d6 6.Nf3 Nc6 7.O-O a6 8.h3 Bf5
9.d5 Na5 10.Nd4 Bd7 11.b3 c5 12.dxc6 bxc6 13.e4 Qc8 14.Kh2 Ne8 15.Be3 f5
16.exf5 gxf5 17.b4 Nb7 18.b5 axb5 19.cxb5 cxb5 20.Nd5 Qd8 21.Bg5 Nf6 22.Nxf6+ exf6
23.Bf4 Ra7 24.Nxb5 Bxb5 25.Qd5+ Kh8 26.Qxb5 Nc5 27.Rfd1 Ra6 28.a4 Qc7 29.Rd5 Ra5
30.Bxd6  1-0

[Event "6th Gibtelecom Masters"]
[Site "Gibraltar ENG"]
[Date "2008.01.31"]
[Round "10"]
[White "Bellin,R"]
[Black "Akobian,V"]
[Result "0-1"]
[WhiteElo "2385"]
[BlackElo "2599"]

1.Nf3 d5 2.b3 Bg4 3.Bb2 Bxf3 4.exf3 Nf6 5.f4 g6 6.g3 Bg7 7.Bg2 O-O 8.O-O e6
9.d3 Ne8 10.d4 Nd6 11.c3 Nd7 12.Nd2 c5 13.Nf3 cxd4 14.cxd4 Qa5 15.Ne5 Nf6
16.Qe1 Qa6 17.f3 Rfc8 18.Rf2 Qb6 19.Bf1 Nf5 20.Rd1 Bf8 21.g4 Bb4 22.Qe2 Ne7
23.Qe3 Rc7 24.a3 Bd6 25.Bd3 Qxb3 26.Re1 Rf8 27.f5 exf5 28.gxf5 Nxf5 29.Qg5 Be7
30.Rg2 Ng7 31.Qh6 Nd7 32.Nxg6 hxg6 33.Rxe7 Qxd3  0-1

[Event "Doeberl Cup"]
[Site "Canberra AUS"]
[Date "2008.03.21"]
[Round "3"]
[White "Sales,J"]
[Black "Akobian,V"]
[Result "0-1"]
[WhiteElo "2299"]
[BlackElo "2599"]

1.Nf3 Nf6 2.c4 e6 3.Nc3 Bb4 4.g4 O-O 5.g5 Ne8 6.Qc2 b6 7.a3 Bxc3 8.Qxc3 Bb7
9.Rg1 c5 10.Rg3 d5 11.cxd5 exd5 12.d4 Nd6 13.Qc2 Ne4 14.Rg1 Nc6 15.Be3 Qe7
16.Bh3 Rfe8 17.Bg4 Bc8 18.Rd1 Bxg4 19.Rxg4 Qe6 20.Rh4 g6 21.Kf1 Rac8 22.dxc5 bxc5
23.Qb3 Rcd8 24.Kg2 a5 25.Nd2 Nd6 26.Bxc5 Nf5 27.Rf4 Qxe2 28.Qf3 Qb5 29.b4 Ne5
30.Qb3 Nd3 31.Rxf5 gxf5 32.Bd4 a4 33.Qb1 Nf4+  0-1

[Event "Internatonal Open"]
[Site "Sydney AUS"]
[Date "2008.03.25"]
[Round "9"]
[White "Akobian,V"]
[Black "Zhang Zhong"]
[Result "1/2-1/2"]
[WhiteElo "2599"]
[BlackElo "2617"]

1.d4 Nf6 2.c4 e6 3.Nc3 Bb4 4.Qc2 O-O 5.a3 Bxc3+ 6.Qxc3 d6 7.Bg5 Nbd7 8.f3 b6
9.e4 c5 10.Nh3 h6 11.Be3  1/2-1/2

[Event "17th Open"]
[Site "Chicago USA"]
[Date "2008.05.25"]
[Round "4"]
[White "Quan Zhe"]
[Black "Akobian,V"]
[Result "0-1"]
[WhiteElo "2390"]
[BlackElo "2601"]

1.d4 Nf6 2.c4 e6 3.Nf3 d5 4.Nc3 c6 5.e3 Nbd7 6.Qc2 Bd6 7.b3 O-O 8.Be2 b6
9.O-O Bb7 10.e4 dxe4 11.Nxe4 Nxe4 12.Qxe4 Nf6 13.Qh4 c5 14.Bb2 Ne4 15.Qh5 f5
16.Rad1 Qc7 17.dxc5 bxc5 18.Bd3 Nf6 19.Qh4 Bxf3 20.gxf3 Nd7 21.Be2 Rf7 22.Rd3 Nf8
23.Bc1 Ng6 24.Qh5 Nf4 25.Bxf4 Bxf4 26.Rfd1 Raf8 27.Bf1 Rf6 28.Rd7 Qb8 29.Qh4 Rh6
30.Qe7 Bxh2+ 31.Kg2 Rg6+ 32.Kh3 Qf4 33.Be2 Rg3+  0-1

[Event "17th Open"]
[Site "Chicago USA"]
[Date "2008.05.26"]
[Round "7"]
[White "Akobian,V"]
[Black "Zapata,Alo"]
[Result "1-0"]
[WhiteElo "2601"]
[BlackElo "2478"]

1.d4 Nf6 2.c4 g6 3.Nc3 Bg7 4.e4 d6 5.Bg5 h6 6.Bh4 O-O 7.Bd3 e5 8.d5 a5 9.f3 Na6
10.Nge2 Qe8 11.Qd2 Nh5 12.Bf2 f5 13.exf5 gxf5 14.O-O-O Nc5 15.Bc2 e4 16.Rde1 Bd7
17.Bd4 Qg6 18.Bxg7 Qxg7 19.fxe4 fxe4 20.Nxe4 a4 21.Qd4 Nxe4 22.Qxg7+ Nxg7
23.Bxe4 b5 24.cxb5 Bxb5 25.Nc3 Bc4 26.Bf3 a3 27.b3 Ba6 28.Re4 Bd3 29.Rd4 Bg6
30.Kd2 Ne8 31.Re1 Nf6 32.Re7 Rf7 33.Rxf7 Bxf7 34.Ra4 Rxa4 35.bxa4 Nd7 36.a5 Nc5
37.Be2  1-0

[Event "World Open"]
[Site "Philadelphia USA"]
[Date "2008.07.04"]
[Round "4"]
[White "Ramirez,Alej"]
[Black "Akobian,V"]
[Result "1/2-1/2"]
[WhiteElo "2531"]
[BlackElo "2610"]

1.c4 e6 2.Nf3 d5 3.g3 c5 4.Bg2 Nc6 5.O-O Nf6 6.cxd5 exd5 7.d4 Be7 8.dxc5 Bxc5
9.a3 a6 10.b4 Ba7 11.Bb2 O-O 12.Nbd2 Bg4 13.Nb3 Ne4 14.Nbd4 Rc8 15.Nxc6 bxc6
16.Bd4 c5 17.bxc5 Bxc5 18.Qd3  1/2-1/2

[Event "World Open"]
[Site "Philadelphia USA"]
[Date "2008.07.05"]
[Round "7"]
[White "Khachiyan,M"]
[Black "Akobian,V"]
[Result "0-1"]
[WhiteElo "2504"]
[BlackElo "2610"]

1.e4 e6 2.d4 d5 3.Nc3 Nf6 4.Bg5 Be7 5.e5 Nfd7 6.Bxe7 Qxe7 7.f4 a6 8.Nf3 c5
9.Qd2 Nc6 10.O-O-O b5 11.dxc5 Nxc5 12.Bd3 b4 13.Ne2 O-O 14.Kb1 a5 15.Ned4 Nxd4
16.Nxd4 Ba6 17.Bxa6 Rxa6 18.h4 Ne4 19.Qe3 a4 20.Ne2 b3 21.cxb3 axb3 22.Qxb3 Qa7
23.Nc1 Rb8  0-1

[Event "1st WMSG Blitz Ind"]
[Site "Beijing CHN"]
[Date "2008.10.04"]
[Round "4"]
[White "Akobian,V"]
[Black "Ghaem Maghami,E"]
[Result "1-0"]
[WhiteElo "2606"]
[BlackElo "2599"]

1.d4 Nf6 2.c4 e6 3.Nf3 c5 4.d5 a6 5.a4 exd5 6.cxd5 d6 7.Nc3 g6 8.h3 Bg7 9.e4 O-O
10.Bd3 Re8 11.O-O c4 12.Bc2 Nbd7 13.Re1 Rb8 14.Bf4 Qc7 15.Qd2 b5 16.axb5 axb5
17.Nd4 Rb6 18.Ndxb5 Qb8 19.Nxd6 Rxd6 20.e5 Nxe5 21.Bxe5 Rxe5 22.Rxe5 Rd8
23.Ree1 Bb7 24.Rad1 Ba8 25.Ba4 h5 26.d6 Bf8 27.d7 Qb7 28.f3 Bb4 29.Kh1 Kg7
30.Qd4 Qc7 31.Re8 Rxd7 32.Bxd7 Qg3 33.Rxa8 h4 34.Qxf6+  1-0

[Event "1st WMSG Blitz Ind"]
[Site "Beijing CHN"]
[Date "2008.10.04"]
[Round "5"]
[White "Korobov,A"]
[Black "Akobian,V"]
[Result "1-0"]
[WhiteElo "2605"]
[BlackElo "2606"]

1.d4 d5 2.c4 e6 3.Nc3 c5 4.e3 Nf6 5.Nf3 a6 6.a3 Nc6 7.dxc5 Bxc5 8.b4 Bd6
9.Bb2 a5 10.c5 axb4 11.axb4 Rxa1 12.Qxa1 Be7 13.Qa3 O-O 14.Bb5 Bd7 15.O-O b6
16.Qa4 Qc7 17.Nd4 Nxd4 18.exd4 bxc5 19.bxc5 Rb8 20.Ba3 Bxb5 21.Nxb5 Qc6 22.Rb1 Ne4
23.Rb3 e5 24.Nc3 Qc8 25.Nxd5 Bd8 26.Qe8+  1-0

[Event "1st WMSG Blitz Ind"]
[Site "Beijing CHN"]
[Date "2008.10.04"]
[Round "6"]
[White "Akobian,V"]
[Black "Gurevich,M1"]
[Result "0-1"]
[WhiteElo "2606"]
[BlackElo "2634"]

1.d4 d6 2.Nf3 g6 3.c4 f5 4.g3 Bg7 5.Bg2 Nf6 6.O-O O-O 7.d5 c6 8.Nc3 Qe8 9.Qc2 e5
10.dxe6 Bxe6 11.b3 Na6 12.a3 Nc7 13.Bf4 Qe7 14.Rad1 Rad8 15.Rd2 d5 16.cxd5 Ncxd5
17.Nxd5 Bxd5 18.b4 Ne4 19.Rd3 a6 20.Rfd1 h6 21.Be3 Rfe8 22.Nd2 Nf6 23.Nc4 Bxg2
24.Rxd8 Rxd8 25.Rxd8+ Qxd8 26.Kxg2 Ng4 27.Bc5 Qd5+ 28.f3 Ne5 29.Na5 b5 30.Bf2 Kf7
31.e4 fxe4 32.fxe4 Qd7 33.Qb3+ Qe6 34.Qxe6+ Kxe6 35.Bd4 Bf6 36.Bxe5 Kxe5
37.Nxc6+ Kxe4 38.Nb8 Bb2 39.Nxa6 Kd5 40.Nc7+ Kc4 41.Ne8 Bxa3 42.Nd6+ Kxb4
43.Nf7 Bc1 44.Ne5 Kc3 45.Nxg6 b4 46.Ne7 b3 47.Nd5+ Kc4 48.Nb6+ Kb5 49.Nd5 Bd2  0-1

[Event "1st WMSG Blitz Ind"]
[Site "Beijing CHN"]
[Date "2008.10.04"]
[Round "11"]
[White "Akobian,V"]
[Black "Socko,B"]
[Result "1-0"]
[WhiteElo "2606"]
[BlackElo "2631"]

1.d4 Nf6 2.c4 e6 3.Nf3 Bb4+ 4.Nbd2 b6 5.a3 Bxd2+ 6.Qxd2 Bb7 7.e3 O-O 8.Be2 d6
9.O-O Qe7 10.b4 Ne4 11.Qc2 f5 12.Ne1 Nd7 13.f3 Nef6 14.Bb2 a5 15.Nd3 axb4
16.axb4 e5 17.d5 Rfb8 18.Nf2 g6 19.e4 f4 20.Nd3 g5 21.c5 bxc5 22.bxc5 Nxc5
23.Nxc5 dxc5 24.Rxa8 Bxa8 25.Ba3 Nd7 26.Rc1 Bb7 27.Bb5 Ra8 28.Bb2 Re8 29.Bxd7 Qxd7
30.Qxc5 Re7 31.h3 Qd6 32.Qc3 Qb6+ 33.Kh1 Kf7 34.Ba3 Rd7 35.Qxe5 Qf6 36.Bb2 Qxe5
37.Bxe5 Ba6 38.Rxc7 Rxc7 39.Bxc7 Bc4 40.h4 h6 41.Kg1 Kg6 42.Kf2 Kh5 43.hxg5 hxg5
44.Ke1 Kg6 45.Bd8 Bb5 46.e5 Bc4 47.d6 Be6 48.Kd2 g4 49.Kd3 Kf5 50.Kd4 g3
51.Ba5 Kg6 52.Kc5 Kf7 53.Bd2 Bh3 54.Bxf4 Bxg2 55.d7 Ke7 56.Kc6 Bxf3+ 57.Kc7  1-0

[Event "1st WMSG Rapid Ind"]
[Site "Beijing CHN"]
[Date "2008.10.05"]
[Round "1"]
[White "Akobian,V"]
[Black "Paragua,M"]
[Result "0-1"]
[WhiteElo "2606"]
[BlackElo "2526"]

1.d4 Nf6 2.c4 e6 3.Nf3 b6 4.Nc3 Bb7 5.Bg5 Bb4 6.Nd2 h6 7.Bh4 O-O 8.e4 d6
9.e5 dxe5 10.dxe5 Qd4 11.exf6 Qxh4 12.fxg7 Rd8 13.Qc2 Nc6 14.Nf3 Nd4 15.Nxd4 Rxd4
16.a3 Be4 17.Qc1 Be7 18.Qe3 Bb7 19.Qg3 Qxg3 20.hxg3 Rad8 21.Be2 Rd2 22.Nd5 Rxe2+
23.Kxe2 exd5 24.cxd5 Bxd5 25.Rxh6 Kxg7 26.Rh5 Bc4+ 27.Ke1 Bc5 28.Rxc5 bxc5
29.Rc1 Re8+ 30.Kd1 Bb3+ 31.Kd2 Rd8+ 32.Kc3 c4 33.Re1 Rd3+ 34.Kb4 Rd2 35.Re7 Rxf2
36.Rxc7 Rxg2 37.Rxa7 Rxb2 38.Kc3 Rg2 39.a4 Rxg3+ 40.Kb4 Rg1 41.a5 Ra1 42.a6 Bd1
43.Rd7 Bg4 44.Rd4 Bc8  0-1

[Event "1st WMSG Rapid Ind"]
[Site "Beijing CHN"]
[Date "2008.10.05"]
[Round "2"]
[White "Markos,J"]
[Black "Akobian,V"]
[Result "1-0"]
[WhiteElo "2557"]
[BlackElo "2606"]

1.d4 d5 2.c4 e6 3.Nc3 c5 4.e3 Nf6 5.Nf3 a6 6.a3 Nc6 7.dxc5 Bxc5 8.b4 Bd6
9.Bb2 a5 10.c5 Be7 11.b5 Nb8 12.Na4 O-O 13.Rc1 Ne4 14.Bd3 f5 15.O-O Nd7 16.c6 bxc6
17.bxc6 Ndc5 18.Nxc5 Nxc5 19.Bb5 Ba6 20.Bxa6 Nxa6 21.Ne5 Bd6 22.Qd4 Qc7 23.Rc2 Qa7
24.Nd7 Qxd4 25.Bxd4 Rfe8 26.Be5 Bxe5 27.Nxe5 Rab8 28.c7 Rbc8 29.Rc6 Nxc7
30.Rfc1 Re7 31.g3 Kf8 32.R6c2 a4 33.h4 g6 34.Nc6 Rd7 35.Na7 Ra8 36.Rxc7 Rxa7
37.Rc8+ Kf7 38.R1c6 Rdb7 39.Rh8 Kf6 40.Re8 Re7 41.Rd8 Rad7 42.Ra8 d4 43.exd4 Rxd4
44.Rca6 Rc7 45.Rxa4 Rd2 46.R8a6 h6 47.Rf4 g5 48.hxg5+ hxg5 49.Rf3 g4 50.Re3 Rc1+
51.Kg2 Rcc2 52.Rexe6+ Kg7 53.Ra7+ Kf8 54.Rf6+ Ke8 55.Rxf5  1-0

[Event "1st WMSG Rapid Ind"]
[Site "Beijing CHN"]
[Date "2008.10.06"]
[Round "7"]
[White "Akobian,V"]
[Black "Socko,B"]
[Result "1-0"]
[WhiteElo "2606"]
[BlackElo "2631"]

1.d4 Nf6 2.c4 e6 3.Nf3 d5 4.Nc3 Bb4 5.Qa4+ Nc6 6.e3 O-O 7.a3 Be7 8.b4 a6
9.Bb2 Re8 10.Qc2 dxc4 11.Bxc4 b5 12.Bd3 Bb7 13.Ne4 Nd7 14.O-O h6 15.Rfd1 Bf8
16.Rac1 Rc8 17.Nfd2 f5 18.Nc3 Nb6 19.Nb3 Qg5 20.g3 Nc4 21.Bxc4 bxc4 22.Nd2 Ne7
23.Nxc4 Bf3 24.Ne5 Bxd1 25.Qxd1 Ng6 26.Nf3 Qd8 27.Qa4 Ra8 28.Qb3 Kh7 29.h4 Bd6
30.Na4 Ra7 31.Nc5 Qa8 32.Nd2 Qd5 33.Qxd5 exd5 34.Ndb3 Nf8 35.h5 Kg8 36.Na5 Ne6
37.Nxe6 Rxe6 38.Kf1 Kf7 39.Ke2 Kf6 40.Nc6 Ra8 41.Ne5 a5 42.b5 a4 43.Rb1 Ree8
44.Nc6 Kg5 45.Rh1 Kf6 46.Kd3 Ke6 47.Rg1 Rf8 48.f3 Rae8 49.f4 Rf7 50.g4 fxg4
51.Rxg4 Rd7 52.Rg6+ Kf7 53.Ne7 Be5 54.dxe5 Rdxe7 55.f5 Rxe5 56.Bxe5 Rxe5
57.Rc6 d4 58.Rxc7+ Kf6 59.Rc6+ Kg5 60.exd4 Rxb5 61.Ke4 Rb3 62.Rg6+ Kxh5 63.Rxg7 Rxa3
64.f6 Ra1 65.d5 Rf1 66.Ke5 Re1+ 67.Kd6 Rf1 68.Ke7 Re1+ 69.Kf8 Rd1 70.f7 Rxd5
71.Ke7 Rf5 72.f8=Q Rxf8 73.Kxf8 Kh4 74.Kf7 h5 75.Kf6 Kh3 76.Kg5 h4 77.Rh7  1-0

[Event "1st WMSG Rapid Ind"]
[Site "Beijing CHN"]
[Date "2008.10.07"]
[Round "9"]
[White "Akobian,V"]
[Black "Ghaem Maghami,E"]
[Result "0-1"]
[WhiteElo "2606"]
[BlackElo "2599"]

1.d4 Nf6 2.c4 e6 3.Nf3 d5 4.Nc3 dxc4 5.Bg5 Bb4 6.Qa4+ Nc6 7.e4 Bd7 8.Qc2 b5
9.e5 h6 10.exf6 hxg5 11.fxg7 Rg8 12.Qh7 Ne7 13.Ne5 c5 14.Be2 Qc7 15.Nxf7 cxd4
16.Bh5 Bc6 17.O-O Kd7 18.Rad1 Nf5 19.Rfe1 Rxg7 20.Rxd4+ Kc8 21.Qh8+ Kb7 22.Rd8 Rxf7
23.Rxa8 Rh7 24.Rb8+ Ka6 25.Rc8 Rxh8 26.Rxc7 Kb6 27.Rxc6+ Kxc6 28.Rxe6+ Bd6
29.Be8+ Kc5 30.Bg6 Bxh2+ 31.Kf1 Nd4 32.Ne4+ Kd5 33.Ra6 Bc7 34.Rxa7 Rh1+  0-1

[Event "38th Olympiad"]
[Site "Dresden GER"]
[Date "2008.11.13"]
[Round "1"]
[White "Akobian,V"]
[Black "Kristjansson,St"]
[Result "1-0"]
[WhiteElo "2606"]
[BlackElo "2474"]

1.d4 Nf6 2.c4 c5 3.d5 e6 4.Nc3 exd5 5.cxd5 d6 6.e4 g6 7.h3 Bg7 8.Nf3 O-O
9.Bd3 b5 10.Bxb5 Nxe4 11.Nxe4 Qa5+ 12.Nfd2 Qxb5 13.Nxd6 Qa6 14.N2c4 Nd7 15.O-O Nb6
16.Nxb6 Qxb6 17.Nxc8 Raxc8 18.Re1 Rfe8 19.Rxe8+ Rxe8 20.Rb1 Bd4 21.Bf4 Qf6
22.Qf3 Qf5 23.Rd1 Re4 24.Bd6 Qxd5 25.Bxc5 Qe5 26.Bxd4 Rxd4 27.Rxd4 Qxd4 28.g3 h5
29.h4 Qa4 30.a3 a6 31.Qd3 Kh7 32.Qd6 Kg8 33.b3 Qb5 34.a4 Qe2 35.Qd8+ Kh7
36.Qd5 Kg8 37.Kg2 Qe8 38.a5 Qb8 39.Qc4 Qb7+ 40.Kg1 Kh7 41.b4 Kg8 42.Qc5  1-0

[Event "38th Olympiad"]
[Site "Dresden GER"]
[Date "2008.11.14"]
[Round "2"]
[White "Mastrovasilis,D"]
[Black "Akobian,V"]
[Result "1-0"]
[WhiteElo "2572"]
[BlackElo "2606"]

1.e4 e6 2.d4 d5 3.Nc3 dxe4 4.Nxe4 Nd7 5.Nf3 Ngf6 6.Nxf6+ Nxf6 7.c3 c5 8.Ne5 a6
9.Be3 Qc7 10.Qa4+ Nd7 11.Bb5 cxd4 12.Bxd7+ Bxd7 13.Qxd4 Bb5 14.a4 Bd6 15.Nxf7 Kxf7
16.axb5 axb5 17.Ke2 b4 18.Rxa8 Rxa8 19.Rc1 Be7 20.cxb4 Qxh2 21.Qg4 Qe5 22.Qf3+ Kg6
23.Qg4+ Kf7 24.Qf3+ Kg6 25.Qxb7 Qxb2+ 26.Kf1 Ra1 27.Rxa1 Qxa1+ 28.Ke2 Qb2+
29.Bd2 Qe5+ 30.Kf1 Bd6 31.Qc6 Qd4 32.Qc3 Qe4 33.f3 Qd5 34.Ke2 Kf7 35.Qd3 Qe5+
36.Kf1 h6 37.Bc3 Qf4 38.b5 Be5 39.Qd7+ Kf6 40.Qd8+ Kg6 41.Bxe5 Qxe5 42.Qe8+ Kh7
43.Qc6 Qa1+ 44.Ke2 Qb2+ 45.Kd1 Qd4+ 46.Kc2 Qa4+ 47.Kc3 Qa1+ 48.Kc4 Qc1+ 49.Kb4 Qb2+
50.Kc5 h5 51.Qe4+ g6 52.b6 Qxg2 53.b7 Qg3 54.f4 Qc3+ 55.Kd6 Qb2 56.Kc7 Qg7+
57.Kc6 Qc3+ 58.Kd6 Qb2 59.Qc6 Kh6 60.Kc7 Qg7+ 61.Kd8 Qf8+  1-0

[Event "38th Olympiad"]
[Site "Dresden GER"]
[Date "2008.11.17"]
[Round "5"]
[White "Lam Mingo Kwok Wai"]
[Black "Akobian,V"]
[Result "0-1"]
[WhiteElo "1665"]
[BlackElo "2606"]

1.e4 d6 2.Bc4 Nf6 3.d3 c6 4.Nc3 d5 5.exd5 cxd5 6.Bb5+ Nc6 7.d4 Qb6 8.Nge2 Bf5
9.Bg5 e6 10.f3 h6 11.Bf4 a6 12.Bd3 Bxd3 13.Qxd3 Be7 14.g4 Rc8 15.O-O-O Qa5
16.Kb1 b5 17.Rc1 Nd7 18.Bd2 Nb4 19.Qe3 Nb6 20.a3 Nc4 21.axb4 Qxb4  0-1

[Event "18th North American Open"]
[Site "Las Vegas USA"]
[Date "2008.12.28"]
[Round "4"]
[White "Akobian,V"]
[Black "Lein,A"]
[Result "1-0"]
[WhiteElo "2606"]
[BlackElo "2317"]

1.d4 Nf6 2.c4 e6 3.Nf3 Bb4+ 4.Nbd2 b6 5.a3 Bxd2+ 6.Qxd2 Bb7 7.e3 O-O 8.b4 d6
9.Be2 Nbd7 10.O-O Ne4 11.Qc2 f5 12.d5 e5 13.Ne1 g6 14.f3 Nef6 15.e4 f4 16.Nd3 g5
17.c5 Nb8 18.c6 Bc8 19.Bb2 Qe7 20.a4 a6 21.Rf2 Nh5 22.Kf1 Rf6 23.Ke1 Rh6
24.Kd2 g4 25.fxg4 Nf6 26.Nxf4 Bxg4 27.Raf1 exf4 28.Rxf4 Bxe2 29.Kxe2  1-0

[Event "18th North American Open"]
[Site "Las Vegas USA"]
[Date "2008.12.28"]
[Round "5"]
[White "Sarkar,J"]
[Black "Akobian,V"]
[Result "0-1"]
[WhiteElo "2451"]
[BlackElo "2606"]

1.d4 d5 2.c4 e6 3.Nc3 Nf6 4.cxd5 exd5 5.Bg5 c6 6.e3 Qb6 7.Bxf6 Qxb2 8.Qc1 Qxc1+
9.Rxc1 gxf6 10.Nxd5 Ba3 11.Rc4 b5 12.Rc2 Be6 13.Nc7+ Kd7 14.Nxa8 Na6 15.Kd1 Nb4
16.Rc3 Bb2 17.Rc2 Nxc2 18.Kxc2 Ba3 19.Kb1 Bf5+ 20.Ka1 Rxa8 21.Ne2 Bb4 22.Kb2 Be1
23.f3 Bf2 24.e4 Be6 25.d5 cxd5 26.exd5 Bxd5 27.Nc3 Bc6 28.Bd3 Bd4 29.Rd1 Kc7
30.Kb3 Bxc3 31.Kxc3 Rd8 32.Rb1 a6 33.Rb4 a5 34.Rh4 b4+ 35.Kc4 Kb6 36.Be4 Bd7
37.Bxh7 Be6+  0-1

[Event "18th North American Open"]
[Site "Las Vegas USA"]
[Date "2008.12.29"]
[Round "6"]
[White "Akobian,V"]
[Black "Kacheishvili,G"]
[Result "0-1"]
[WhiteElo "2606"]
[BlackElo "2572"]

1.d4 d5 2.c4 c6 3.Nf3 Nf6 4.Nc3 a6 5.a4 e6 6.Bg5 Nbd7 7.a5 h6 8.Bh4 dxc4
9.e3 b5 10.axb6 Nxb6 11.Ne5 c5 12.Be2 cxd4 13.Bh5 Ra7 14.Nc6 Qc7 15.Nxa7 dxc3
16.Bxf6 gxf6 17.Nxc8 cxb2 18.Rxa6 Bb4+ 19.Ke2 c3 20.Bxf7+ Kxf7 21.Ra7 Rxc8
22.Rxc7+ Rxc7 23.Qb3 Nd5 24.e4 Nf4+ 25.Ke3 Nxg2+ 26.Ke2 Nf4+ 27.Ke3 Bd6 28.Qc2 Be5
29.Rd1 Ng6 30.h3 Bf4+ 31.Ke2 Bc1 32.Rxc1 bxc1=Q 33.Qxc1 c2 34.Ke3 Ne5 35.Kd4 Rc4+
36.Ke3 Rc3+ 37.Kd4 Rc4+ 38.Ke3 Nc6 39.Kd3 Rc5 40.Qxh6  0-1

[Event "7th Gibtelecom Masters"]
[Site "Caleta ENG"]
[Date "2009.01.28"]
[Round "2"]
[White "Devereaux,M"]
[Black "Akobian,V"]
[Result "0-1"]
[WhiteElo "2437"]
[BlackElo "2619"]

1.d4 e6 2.c4 d5 3.Nf3 Nf6 4.g3 Bb4+ 5.Bd2 Be7 6.Bg2 c5 7.cxd5 exd5 8.O-O Nc6
9.Bg5 h6 10.Be3 c4 11.Ne5 O-O 12.b3 cxb3 13.axb3 Nb4 14.Nd3 Bf5 15.Nxb4 Bxb4
16.Bd2 a5 17.Bxb4 axb4 18.Nd2 Qb6 19.Rc1 Rfc8 20.Rxc8+ Rxc8 21.Qa1 Rc2 22.Rd1 Qc7
23.e4 Qc3 24.Qa8+ Kh7 25.exf5 Rxd2 26.Rf1 Qxd4 27.Bf3 Qd3 28.Kg2 Qxf5 29.Qxb7 Rd3
30.Bd1 Ne4 31.Bc2 Rd2 32.Bxe4 Qxe4+ 33.Kg1 f6 34.Qb5 Rb2 35.Qa4 Qd4 36.h4 Qc3
37.Qd7 Qd3 38.Qg4 Rxb3 39.h5 Qe4 40.Qd1 Rb2 41.Re1 Qf5 42.Qd4 Rb1  0-1

[Event "7th Gibtelecom Masters"]
[Site "Caleta ENG"]
[Date "2009.01.30"]
[Round "4"]
[White "Gashimov,V"]
[Black "Akobian,V"]
[Result "1-0"]
[WhiteElo "2723"]
[BlackElo "2619"]

1.e4 e6 2.d4 d5 3.Nc3 dxe4 4.Nxe4 Nd7 5.Nf3 Ngf6 6.Bg5 h6 7.Nxf6+ Nxf6 8.Be3 Nd5
9.Bd3 Nxe3 10.fxe3 Bd6 11.e4 e5 12.dxe5 Bc5 13.Bb5+ c6 14.Qxd8+ Kxd8 15.Bc4 Ke7
16.c3 Rd8 17.a4 a6 18.Ke2 Be6 19.Bxe6 Kxe6 20.Rhf1 Rd7 21.Rad1 Rxd1 22.Rxd1 a5
23.Ne1 Bg1 24.g3 Bb6 25.Nd3 Ke7 26.g4 Rd8 27.Rf1 Bc7 28.h4 Re8 29.h5 Kf8
30.Rf5 Kg8 31.Nc5 b6 32.Nd3 Re7 33.b4 axb4 34.cxb4 Kf8 35.Ke3 Ke8 36.g5 hxg5
37.Rxg5 Kf8 38.Rg2 c5 39.bxc5 bxc5 40.Rc2 Ke8 41.Kf4 Bb6 42.Nb2 Re6 43.Nc4 Bc7
44.a5 Rf6+ 45.Ke3 Ra6 46.Kd3 Ra7 47.Ra2 Ra6 48.Rg2 Kf8 49.Rb2 Ke7 50.Rb5 Rc6
51.Nb6 Kd8 52.Kc4 Re6 53.Na4 Bxa5 54.Nxc5 Rh6 55.Rxa5 Rxh5 56.Kd5  1-0

[Event "7th Gibtelecom Masters"]
[Site "Caleta ENG"]
[Date "2009.02.02"]
[Round "7"]
[White "Akobian,V"]
[Black "Hommeles,T"]
[Result "1-0"]
[WhiteElo "2619"]
[BlackElo "2410"]

1.d4 d5 2.c4 c6 3.Nf3 Nf6 4.Nc3 e6 5.Bg5 h6 6.Bh4 dxc4 7.e4 g5 8.Bg3 b5 9.Ne5 Bb4
10.a3 Ba5 11.Qf3 Qxd4 12.Qxf6 Bxc3+ 13.bxc3 Qxc3+ 14.Ke2 O-O 15.h4 Qc2+ 16.Kf3 g4+
17.Kxg4 Qxe4+ 18.Bf4 Qf5+ 19.Qxf5 exf5+ 20.Kg3 Re8 21.Rd1 Be6 22.Rd6 Kh7
23.Be2 a5 24.Rc1 a4 25.Bf3 Ra6 26.Nxc6 Nd7 27.Nd4 Ra5 28.Nxe6  1-0

[Event "Foxwoods Open"]
[Site "Ledyard USA"]
[Date "2009.04.10"]
[Round "5"]
[White "Robson,R"]
[Black "Akobian,V"]
[Result "0-1"]
[WhiteElo "2465"]
[BlackElo "2612"]

1.e4 e6 2.d4 d5 3.Nc3 Nf6 4.Bg5 dxe4 5.Nxe4 Nbd7 6.Nf3 h6 7.Nxf6+ Nxf6 8.Bh4 c5
9.Bb5+ Bd7 10.Bxd7+ Qxd7 11.Qe2 Be7 12.O-O-O O-O 13.dxc5 Qc6 14.Ne5 Qxc5
15.f4 Rfd8 16.Bxf6 Bxf6 17.Nd7 Qf5 18.Nxf6+ gxf6 19.g3 Rd5 20.Rhe1 Rc8 21.Rxd5 Qxd5
22.b3 a5 23.Rd1 Qc5 24.a4 b5 25.axb5 a4 26.bxa4 Qa3+ 27.Kd2 Qc3+ 28.Kc1 Qa3+
29.Kd2 Qxa4 30.Qd3 Qb4+ 31.Ke2 Rc3 32.Rb1 Qc5 33.Kd2 Rxd3+ 34.Kxd3 Qd5+ 35.Kc3 e5
36.fxe5 fxe5 37.Rb4 Qc5+ 38.Kb3 Qb6 39.c4 e4 40.c5 Qxc5 41.b6 Qd5+ 42.Kc3 Qb7
43.Kd4 Kg7 44.Rb5 Qc6 45.Rf5 Kg6 46.g4 Qxb6+ 47.Kxe4 Qg1 48.h3 Qh1+ 49.Rf3 Kg5
50.Ke3 Qe1+ 51.Kd3 Qe6 52.Kd4 Kh4 53.Re3 Qg6 54.Rf3 h5 55.gxh5 Kxh5 56.Ke3 f5
57.Kf4 Qg5+ 58.Ke5 Kg6 59.Kd4 f4 60.Ke4 Qf5+ 61.Kd4 Kf6 62.h4 Qe5+ 63.Kd3 Kf5  0-1

[Event "National Open"]
[Site "Las Vegas USA"]
[Date "2009.06.06"]
[Round "3"]
[White "Bradford,J"]
[Black "Akobian,V"]
[Result "1/2-1/2"]
[WhiteElo "2419"]
[BlackElo "2612"]

1.c4 e6 2.Nf3 d5 3.g3 Nf6 4.Bg2 c5 5.O-O Nc6 6.d4 Be7 7.cxd5 exd5 8.dxc5 Bxc5
9.a3 a6 10.Bg5 O-O 11.Nc3 d4 12.Bxf6 Qxf6 13.Nd5 Qd8 14.Nf4 Re8 15.Rc1 Ba7
16.Qd2 Bf5 17.Rfe1 Be4 18.Nd3 Qe7 19.b4 Rad8 20.Ng5 Bxg2 21.Kxg2 h6 22.Nf3 Rd6
23.a4 Bb6 24.Qb2 Qd7 25.b5 axb5 26.axb5 Na5 27.Rc2 Qf5 28.Rec1 Rd5 29.Rb1 g5
30.Qb4 Qe4 31.Kg1 Qf5 32.Kg2 Kg7 33.Ra2 Ra8 34.Rbb2 Qe6 35.Rc2 Rf5 36.Kg1 Qd5
37.Rcb2 Rf6 38.Ra4 Rd6 39.Rba2 Re6 40.Nxd4 Qxd4 41.Qxd4+ Bxd4 42.Rxd4  1/2-1/2